000 00854nam a2200241Ia 4500
003 OSt
005 20220923221548.0
006 a|||||r|||| 00| 0
007 ta
008 220922b |||||||| |||| 00| 0 hin d
024 _a198,245
037 _cTextual
040 _aARTS
_cARTS
_bhin
041 _2hin
_ahin
082 _aP152.d164, 152K9
100 _aतिवारी, मोहनलाल
_9156271
245 0 _aहिंदी भाषा पर फारसी और अग्रेंजी का प्रभाव
246 _aHiandī bhāṣhā par fārasī aur agreanjī kā prabhāva
260 _c1969
490 _aशास्त्रविज्ञान ग्रथंमाला; 8
942 _hP152.d164, 152K9
_cTEXL
_2CC
999 _c350091
_d350091